Analysis of nozzle type and spraying volume of a fungicide applied on the bean crops (Record no. 54237)

MARC details
000 -LEADER
fixed length control field 00471nam a2200169Ia 4500
100 ## - MAIN ENTRY--AUTHOR NAME
Personal name Garcia Luiz Claudio
245 #0 - TITLE STATEMENT
Title Analysis of nozzle type and spraying volume of a fungicide applied on the bean crops
260 ## - PUBLICATION, DISTRIBUTION, ETC. (IMPRINT)
Name of publisher Bragantia
Year of publication 2002
300 ## - PHYSICAL DESCRIPTION
Number of Pages 291-295
650 ## - SUBJECT ADDED ENTRY--TOPICAL TERM
Topical Term Leaf area
650 ## - SUBJECT ADDED ENTRY--TOPICAL TERM
Topical Term Productivity
650 ## - SUBJECT ADDED ENTRY--TOPICAL TERM
Topical Term Severity
700 ## - ADDED ENTRY--PERSONAL NAME
Personal name Justino Altair
700 ## - ADDED ENTRY--PERSONAL NAME
Personal name Ramos Hamilton Humberto
942 ## - ADDED ENTRY ELEMENTS (KOHA)
Koha item type Journals
Holdings
Withdrawn status Lost status Damaged status Not for loan Home library Current library Shelving location Date acquired Serial Enumeration / chronology Koha item type
      Journals RRII Library RRII Library Mycology 17/12/2021 Volume 61, Issue 3 Journals